|
|
|
|
| LEADER |
00000nas a2200000 a 4500 |
| 001 |
ssj0009456 |
| 003 |
WaSeSS |
| 005 |
20200512172242.0 |
| 006 |
m d |
| 007 |
cr n |
| 008 |
990917c19699999ncuqr pss 0 a0eng c |
| 010 |
|
|
|a sn 99004660
|
| 022 |
|
|
|a 1527-1919
|l 0018-2702
|y 0018-2702
|
| 035 |
|
|
|a (WaSeSS)ssj0009456
|
| 037 |
|
|
|b Project Muse, The Johns Hopkins University Press, 2715 N. Charles Street, Baltimore, Maryland 21211
|
| 040 |
|
|
|a JHE
|b eng
|c JHE
|d NSD
|d GUA
|d OCLCQ
|d F#A
|d OCLCQ
|d MUQ
|d OCLCQ
|d OCLCO
|d OCLCQ
|d HEBIS
|d OCLCF
|d VT2
|d OCLCQ
|d OCLCE
|d AZU
|d FJM
|d CSU
|d WT2
|d OCLCO
|d GILDS
|d OCLCO
|d OCLCQ
|d OCLCO
|d WYU
|d OCLCA
|d OCLCQ
|d WaSeSS
|
| 042 |
|
|
|a nsdp
|a pcc
|a dlr
|
| 050 |
|
4 |
|a HB1
|
| 082 |
1 |
0 |
|a 330
|2 13
|
| 130 |
0 |
|
|a History of political economy (Online)
|
| 210 |
0 |
|
|a Hist. polit. econ.
|b (Online)
|
| 222 |
|
0 |
|a History of political economy
|b (Online)
|
| 245 |
1 |
0 |
|a History of political economy
|h [electronic resource].
|
| 260 |
|
|
|a Durham, N.C. :
|b Duke University Press
|
| 310 |
|
|
|a Quarterly
|
| 362 |
1 |
|
|a Print began in 1969.
|
| 506 |
|
|
|a License restrictions may limit access.
|
| 515 |
|
|
|a Preceded by a demo issue for Vol. 31, no. 3 (fall 1999).
|
| 525 |
|
|
|a Volumes for 1990- have also annual supplements.
|
| 538 |
|
|
|a Master and use copy. Digital master created according to Benchmark for Faithful Digital Reproductions of Monographs and Serials, Version 1. Digital Library Federation, December 2002.
|u http://purl.oclc.org/DLF/benchrepro0212
|5 MiAaHDL
|
| 538 |
|
|
|a Mode of access: World Wide Web.
|
| 583 |
1 |
|
|a digitized
|c 2010
|h HathiTrust Digital Library
|l committed to preserve
|2 pda
|5 MiAaHDL
|
| 588 |
0 |
|
|a Vol. 31, no. 3 (fall 1999); title from journal home page (viewed Oct. 13, 1999).
|
| 588 |
1 |
|
|a Vol. 32, no. 2 (summer 2000).
|
| 650 |
|
0 |
|a Economics
|x History
|v Periodicals.
|
| 650 |
|
6 |
|a Économie politique
|x Histoire
|v Périodiques.
|
| 650 |
|
7 |
|a Economics.
|2 fast
|0 (OCoLC)fst00902116
|
| 650 |
|
7 |
|a Politische Ökonomie
|2 gnd
|
| 650 |
1 |
7 |
|a Economische geschiedenis.
|2 gtt
|
| 650 |
1 |
7 |
|a Economische politiek.
|2 gtt
|
| 650 |
|
7 |
|a Geschichte
|2 gnd
|
| 650 |
|
7 |
|a Zeitschrift
|2 gnd
|
| 650 |
1 |
7 |
|a Science économique.
|2 rasuqam
|
| 650 |
|
7 |
|a Histoire.
|2 rasuqam
|
| 655 |
|
0 |
|a Electronic journals.
|
| 776 |
0 |
8 |
|i Print version:
|t History of political economy
|x 0018-2702
|w (DLC) 76012245
|w (OCoLC)1715102
|
| 856 |
4 |
0 |
|z Full text available from Research Library: 04/01/1997 to 04/30/2000
|u https://search.proquest.com/publication/34921
|